Central Library OPAC University of Rajshahi

Accelerating catch-up : (Record no. 73953)

MARC details
000 -LEADER
fixed length control field 01158cam a2200325 a 4500
001 - CONTROL NUMBER
control field 73953
003 - CONTROL NUMBER IDENTIFIER
rucl marc code UkOxU
005 - DATE AND TIME OF LATEST TRANSACTION
control field 20211209082451.0
008 - FIXED-LENGTH DATA ELEMENTS--GENERAL INFORMATION
fixed length control field 080813s2009 dcua b 001 0 eng
020 ## - INTERNATIONAL STANDARD BOOK NUMBER
International Standard Book Number 9780821377383 (pbk.)
Terms of availability $25.00
035 ## - SYSTEM CONTROL NUMBER
System control number (BD-RjUL)74171
System control number (UkLCURL)03b26511745
038 ## - RECORD CONTENT LICENSOR
Record content licensor UkLCURL
040 ## - CATALOGING SOURCE
Original cataloging agency DLC
Transcribing agency DLC
Modifying agency BD-RjUL
Language of cataloging eng
041 ## - LANGUAGE CODE
Language code of text/sound track or separate title eng
082 00 - DEWEY DECIMAL CLASSIFICATION NUMBER
Classification number 338.4337868
Edition number 22
Author mark and year ACC 2009
090 ## - LOCALLY ASSIGNED LC-TYPE CALL NUMBER (OCLC); LOCAL CALL NUMBER (OCLC)
Classification number (OCLC) (R) ; Classification number, CALL (RLIN) (NR) Gla
Local cutter number (OCLC) ; Book number/undivided call number, CALL (RLIN) Education L35.A4 2009-W
245 00 - TITLE STATEMENT
Title Accelerating catch-up :
Remainder of title tertiary education for growth in Sub-Saharan Africa.
260 ## - PUBLICATION, DISTRIBUTION, ETC. (IMPRINT)
Place of publication, distribution, etc. Washington, DC :
Name of publisher, distributor, etc. World Bank,
Date of publication, distribution, etc. c2009.
300 ## - PHYSICAL DESCRIPTION
Pagination xxxi, 180 p. :
Illustrations ill. ;
Size 23 cm.
490 1# - SERIES STATEMENT
Series statement Directions in development. Human development
504 ## - BIBLIOGRAPHY, ETC. NOTE
Bibliography, etc Includes bibliographical references (p. 135-157) and index.
650 #0 - SUBJECT ADDED ENTRY--TOPICAL TERM
Topical term or geographic name as entry element Education, Higher
General subdivision Economic aspects
Geographic subdivision Africa, Sub-Saharan.
9 (RLIN) 219501
Topical term or geographic name as entry element Economic development
Geographic subdivision Africa, Sub-Saharan.
9 (RLIN) 219502
710 2# - ADDED ENTRY--CORPORATE NAME
Corporate name or jurisdiction name as entry element World Bank.
Subordinate unit AFTHD.
9 (RLIN) 219503
Corporate name or jurisdiction name as entry element World Bank.
Subordinate unit DECRG.
9 (RLIN) 219504
830 #0 - SERIES ADDED ENTRY--UNIFORM TITLE
Uniform title Directions in development (Washington, D.C.).
942 ## - ADDED ENTRY ELEMENTS (KOHA)
Source of classification or shelving scheme Dewey Decimal Classification
Koha item type Books
Holdings
Lost status Source of classification or shelving scheme Damaged status Not for loan Collection code Permanent Location Current Location Shelving location Date acquired Source of acquisition Cost, normal purchase price Total Checkouts Full call number Date last seen Copy number Koha item type
  Dewey Decimal Classification   Not For Loan Non-fiction Central Library, University of Rajshahi Central Library, University of Rajshahi Reading Room 20/09/2017 Author 25.00   338.4337868 ACC 2009 28/11/2017 C-1 Books